000 00293nam a22001337a 4500
008 170615b xxu||||| |||| 00| 0 eng d
020 _a2900415191516
041 _aeng
080 _a32
100 _a20
101 _aSHP
245 _aSUSTAINABLE DEVELOPMENT
_cELLIOT, J.A
942 _2udc
_cBK
999 _c17658
_d17658